| 000 | 00959cam a2200325 i 4500 | ||
|---|---|---|---|
| 001 | 0000876 | ||
| 003 | DO-SdBNP | ||
| 005 | 20180215111443.0 | ||
| 007 | 0000876 | ||
| 008 | 100514s 1989 sp a | |||| 000 f spa | ||
| 015 | _a | ||
| 017 |
_a _b |
||
| 020 | _a8434827301 | ||
| 035 | _a | ||
| 040 |
_aBPMSU _bspa _cBPMSU _e |
||
| 080 | _a | ||
| 100 | 1 |
_aHasler, Eveline _d1933- |
|
| 240 | 1 | _aDie Blumenstadt / | |
| 245 | 1 | 3 |
_aLa ciudad de las flores / _h _cEveline Hasler ; ilustraciones Stepán Zavrel ; traducción Marinella Terzi |
| 260 |
_aMadrid, España : _bSM, _c1989. |
||
| 300 |
_a[28] p.: _bil. _c30 cm. |
||
| 490 | 1 |
_aCuentos de la torre y la estrella _v44 |
|
| 586 | _aCritici in Erba, feria de Bolonia, 1988. | ||
| 700 | 1 | 2 |
_aZavrel, Stepan _eil. |
| 700 | 1 | 2 |
_aTerzi, Marinella _etrad. |
| 830 | 0 |
_aCuentos de la torre y la estrella _n44 |
|
| 942 |
_2ddc _cBK |
||
| 945 | _aInventariado, 2018 / BT | ||
| 956 |
_aYLOCKWARD _810 _cBPMSU |
||
| 999 |
_c12292 _d12292 |
||